Didáctica de la biología /
Guardado en:
| Autor Principal: | |
|---|---|
| Formato: | Libro |
| Publicado: |
Buenos Aires :
Kapelusz,
1978
|
| Materias: | |
| Etiquetas: |
Agregar Etiqueta
Sin Etiquetas, Sea el primero en etiquetar este registro!
|
| LEADER | 00529nam a22001935a 4500 | ||
|---|---|---|---|
| 001 | CEM.cems006045 | ||
| 005 | 20060214000000.0 | ||
| 008 | 130507s1978##################000#0#####d | ||
| 003 | CEMS | ||
| 082 | 0 | 4 | |a 574.07 |
| 100 | 1 | |a Spandl, Oskar P | |
| 245 | 1 | 0 | |a Didáctica de la biología / |
| 260 | |a Buenos Aires : |b Kapelusz, |c 1978 | ||
| 300 | |a 159 p. | ||
| 653 | |a Biología | ||
| 653 | |a Biología-enseñanza | ||
| 653 | |a Didactica de la biología | ||
| 653 | |a Educacion | ||
| 859 | |a CEMS |b BIB. CEMS - 11 de abril |h 574.07 |i Sp23 |p 8981.80 |t Ej.1 | ||
